[Event "V. Korchnoy Memorial 2018"]
[Site "St. Petersburg"]
[Date "2018.08.21"]
[Round "7"]
[White "Hamitevici, Vladimir"]
[Black "Lugovskoy, Maxim"]
[Result "1/2-1/2"]
[WhiteElo "2502"]
[BlackElo "2405"]
[Annotator "TA"]
[PlyCount "83"]
[EventDate "2018.08.15"]
[EventType "swiss"]
[EventCountry "RUS"]
[SourceTitle "playchess.com"]
[Source "ChessBase"]
[SourceQuality "1"]

{[%evp 18,83,7,0,8,18,10,16,9,-22,-11,-29,0,0,0,-21,0,0,0,0,0,0,9,0,0,-26,-10,-10,-15,-37,-31,-111,0,0,2,-39,-53,-43,-36,-53,0,0,0,0,-4,-20,-15,-29,-20,-115,-120,-120,-56,-102,-30,-32,40,36,58,33,31,0,10,0,0,0,0,0]} 1. e4 e6 2. f4 d5 3. e5 c5 4. Nf3 Nc6 5. c3 Nh6 6. Na3 Be7 {C00: French: Unusual White 2nd moves} 7. Nc2 Nf5 (7... O-O 8. d4 cxd4 9. cxd4 Qb6 10. Bd3 Bd7 11. O-O Rac8 12. Kh1 f6 13. exf6 Bxf6 14. Ne5 {0-1 (58) Perelshteyn,E (2524)-Lenderman,A (2623) Manchester 2016}) 8. d4 cxd4 9. cxd4 Qb6 10. Bd3 {LiveBook: 3 Games} Nh4 $146 ({Wrong is} 10... Ncxd4 $2 11. Ncxd4 Nxd4 12. Nxd4 $18) ({Predecessor:} 10... Bd7 11. Bxf5 exf5 12. O-O Rc8 {0-1 (70) Vishnu,P (2517)-Omar,N (2353) Abu Dhabi 2018}) 11. Nxh4 Bxh4+ 12. g3 Be7 13. a3 Bd7 14. Be3 a5 15. O-O g6 16. b3 Rc8 17. Qd2 O-O 18. Rab1 Na7 19. a4 Nc6 20. g4 f5 21. exf6 Bxf6 22. Bb5 Rc7 23. Rfd1 Rfc8 24. b4 (24. Qe2 $15) 24... Be7 (24... Nxb4 $17 25. Nxb4 Bxb5) 25. bxa5 $11 Qxa5 26. Qxa5 Nxa5 27. Ne1 Nc4 $36 {[%mdl 2048] Black has some pressure.} 28. Bf2 Nd6 (28... Ra8 $15) 29. Bxd7 Rxd7 30. Nd3 Ne4 {[#] aiming for ...Nc3.} 31. Rb6 Bd6 32. a5 Rc2 33. a6 (33. Be1 $11 {keeps the balance.}) 33... bxa6 $17 34. Rxa6 g5 (34... Nxf2 $17 35. Nxf2 Bxf4 36. Rxe6 Ra7) 35. Bg3 $15 Nc3 (35... Rf7 $17 {[%cal Rg5f4]} 36. f5 Bxg3 37. hxg3 exf5) 36. Re1 $11 gxf4 ({Black should play} 36... Ne2+ $15 37. Kf1 Nxd4) 37. Bxf4 $14 Ne4 38. Bxd6 Rxd6 39. Rxd6 Nxd6 {The position is equal.} 40. Rxe6 Nb5 41. Nb4 Rd2 42. Nc6 {Precision: White = 46%, Black = 39%.} 1/2-1/2

[Event "V. Korchnoy Memorial 2018"]
[Site "St. Petersburg"]
[Date "2018.08.21"]
[Round "7"]
[White "Triapishko, Alexandr"]
[Black "Khanin, Semen"]
[Result "1/2-1/2"]
[WhiteElo "2502"]
[BlackElo "2494"]
[Annotator "TA"]
[PlyCount "75"]
[EventDate "2018.08.15"]
[EventType "swiss"]
[EventCountry "RUS"]
[SourceTitle "playchess.com"]
[Source "ChessBase"]
[SourceQuality "1"]

{[%evp 25,75,1,2,-22,6,-17,12,3,10,10,10,10,10,10,11,0,10,10,10,10,10,10,10,10,19,20,47,52,68,71,77,4,78,71,77,71,85,83,88,83,78,54,106,17,21,26,24,0,22,0,22,0]} 1. Nf3 d5 2. g3 Bg4 3. Bg2 c6 4. c4 e6 5. cxd5 Bxf3 6. Bxf3 cxd5 7. O-O Nf6 8. Nc3 Nc6 9. d3 Be7 10. Bd2 {A11: Reti-Eröffnung} (10. d4 O-O 11. e3 Rc8 12. Bd2 Nd7 13. Qe2 Nb6 14. Rfd1 Qd7 15. Be1 Rfd8 16. Rac1 a6 17. Bg2 Rc7 18. h4 h6 19. Qc2 {½-½ (19) Cordova,E (2655)-Matlakov,M (2701) Moscow 2017}) 10... O-O 11. a3 a6 12. Bg2 Rc8 13. b4 b5 {LiveBook: 4 Partien} 14. Qb3 Qb6 15. Rac1 h6 $146 ({Vorgänger:} 15... Bd6 16. Qb1 Rc7 17. Kh1 Rfc8 {1-0 (33) Movsziszian,K (2493)-Velicka,P (2461) La Pobla de Lillet 2011}) 16. Qb1 Rfd8 17. e3 d4 18. Ne2 dxe3 19. Bxe3 Qb7 20. Bc5 Nd5 21. d4 Bf6 22. Rfd1 Qd7 23. Qd3 Nce7 24. Be4 Nf5 25. Qf3 Re8 26. Bxd5 Qxd5 27. Qxd5 exd5 {[#]} 28. Nc3 (28. Kf1 $1 $16) 28... Rcd8 (28... Red8 $11 {bleibt in der Remisbreite.}) 29. a4 bxa4 {[#]} 30. Ra1 $1 h5 31. Rxa4 Re6 32. Ra2 g5 33. h3 g4 (33... h4 $14) 34. hxg4 (34. h4 $16) 34... hxg4 $11 35. Ne2 Bg5 36. Nc3 Bf6 37. Ne2 Bg5 38. Nc3 {Precision: Weiß = 52%, Schwarz = 45%.} 1/2-1/2

[Event "V. Korchnoy Memorial 2018"]
[Site "St. Petersburg"]
[Date "2018.08.21"]
[Round "7"]
[White "Burmakin, Vladimir"]
[Black "Ponkratov, Pavel"]
[Result "1-0"]
[WhiteElo "2494"]
[BlackElo "2605"]
[Annotator "TA"]
[PlyCount "99"]
[EventDate "2018.08.15"]
[EventType "swiss"]
[EventCountry "RUS"]
[SourceTitle "playchess.com"]
[Source "ChessBase"]
[SourceQuality "1"]

{[%evp 14,99,9,0,10,0,11,2,4,0,2,-12,0,-11,0,-41,-8,0,-22,-17,-17,-23,-16,0,27,-2,0,11,6,0,28,18,20,2,37,29,28,20,24,28,56,0,1,10,14,0,8,0,0,0,42,0,8,13,33,30,25,19,37,14,66,74,256,248,643,652,800,783,724,602,578,584,860,512,647,506,695,578,559,568,566,540,752,751,759,745,716,624]} 1. d4 Nf6 2. c3 b6 3. Bf4 Bb7 4. e3 g6 5. h3 Bg7 6. Nf3 O-O 7. Be2 d6 8. O-O {LiveBook: 122 Partien} Nfd7 {A48: Königsindisch (ohne c2-c4)} (8... Nbd7 9. Bh2 Qe8 10. a4 a6 11. Nbd2 e5 12. b4 Qe7 13. Qb3 a5 14. b5 Kh8 15. Rac1 Rae8 16. Ne1 {1-0 (46) Eljanov,P (2700)-Firouzja,A (2572) Sharjah 2018}) 9. a4 a6 $146 ({Vorgänger:} 9... e5 10. Bh2 Nc6 11. b4 a5 12. b5 Ne7 13. Na3 Nd5 14. Qb3 Qe7 15. Rfe1 Rae8 16. Rad1 N5f6 17. Nc4 Ne4 18. Ncd2 Nef6 19. Nc4 Ne4 20. Ncd2 Nef6 21. Nc4 {½-½ (21) Cruz,F (2407)-Oliva Castaneda,K (2493) Barbera del Valles 2016}) 10. Bh2 e5 {Die Stellung ist ausgeglichen.} 11. Na3 Qe7 12. Nc2 Nc6 13. d5 Nd8 14. a5 c6 15. dxc6 Nxc6 16. axb6 Nxb6 17. e4 Nb8 18. Nd2 Bh6 19. Nc4 Nxc4 20. Bxc4 Bxe4 21. Bd5 Bxc2 (21... Bxd5 {is interesting.} 22. Qxd5 Ra7 23. Rfd1 Rb7 24. Na3 Rd8) 22. Qxc2 Ra7 23. Ra5 Kh8 24. Rfa1 {[%mdl 1024] Weiss hat Kompensation.} Rc8 25. Qe2 Rac7 26. Kh1 Rc5 27. f3 (27. Rxc5 $1 $14 Rxc5 28. c4) 27... Rxa5 $11 28. Rxa5 Kg7 29. Ra3 Qg5 30. Qd1 Rc7 31. Bg1 Qg3 32. Bh2 Qh4 33. Ra4 Qe7 34. Bg1 Bf4 35. Bf2 $36 {[%mdl 2048] Weiss hat Druck.} Qd7 36. Qb3 {[#] Txf4 ist eine echte Drohung.} Qc8 (36... Qb5 $11 37. Qxb5 axb5) 37. Qb6 $1 $14 Nd7 $2 (37... Re7 $16 {war einen Versuch wert.}) 38. Qxd6 $18 h5 $2 (38... Bg5 39. Rxa6 Qd8) 39. Rxa6 {Weiß steht klar auf Gewinn.} Nb8 40. Qf6+ Kh7 41. Ra8 Rd7 42. c4 ({Weniger gut wäre} 42. Bxf7 Rd1+ 43. Bg1 Qf5 $18) 42... Kh6 43. Bg1 Qf8 44. Qb6 Rd8 45. Bxf7 {[%csl Gf7][%cal Rb6g6] [#]} Rd6 46. Rxb8 Rxb6 47. Rxf8 Rxb2 {beabsichtigt ...Kg7.} 48. Bd5 Rb1 49. Be4 Rc1 50. Rb8 {Precision: Weiß = 48%, Schwarz = 37%.} 1-0

[Event "V. Korchnoy Memorial 2018"]
[Site "St. Petersburg"]
[Date "2018.08.21"]
[Round "7"]
[White "Afanasiev, Nikita"]
[Black "Chigaev, Maksim"]
[Result "*"]
[WhiteElo "2473"]
[BlackElo "2577"]
[Annotator "TA"]
[PlyCount "18"]
[EventDate "2018.08.15"]
[EventType "swiss"]
[EventCountry "RUS"]
[SourceTitle "playchess.com"]
[Source "ChessBase"]
[SourceQuality "1"]

{[%evp 16,18,-8,-8,31]} 1. c4 g6 2. g3 Bg7 3. Bg2 Nf6 4. Nf3 O-O 5. O-O Nc6 6. Nc3 d6 7. Rb1 a5 8. a3 e5 9. b4 {LiveBook: 26 Games. A29: English Opening: Four Knights Variation with 4 g3} Re8 $146 ({Predecessor:} 9... axb4 10. axb4 Ne7 11. d3 h6 12. b5 Nh7 13. Nd2 f5 14. Bb2 Nf6 15. Qb3 Kh8 16. Ra1 Rb8 17. Ba3 Be6 18. Nd5 {0-1 (39) Hou,Y (2652)-Caruana,F (2802) chess.com INT 2017}) *

[Event "V. Korchnoy Memorial 2018"]
[Site "St. Petersburg"]
[Date "2018.08.21"]
[Round "7"]
[White "Vokhidov, Shamsiddin"]
[Black "Kamsky, Gata"]
[Result "0-1"]
[WhiteElo "2412"]
[BlackElo "2675"]
[Annotator "TA"]
[PlyCount "206"]
[EventDate "2018.08.15"]
[EventType "swiss"]
[EventCountry "RUS"]
[SourceTitle "playchess.com"]
[Source "ChessBase"]
[SourceQuality "1"]

{[%evp 23,206,6,35,3,29,27,21,27,31,18,40,30,43,45,55,35,37,39,25,0,42,31,58,18,18,16,18,7,6,14,14,10,24,-23,-4,-4,-6,-27,-18,-24,-23,-20,-18,-68,-65,-75,-42,-135,-135,-135,-135,-135,-135,-135,-135,-135,-135,-135,-135,-135,-135,-135,-135,-135,-135,-135,-135,-136,-136,-136,-135,-136,-136,-136,-129,-129,-129,-129,-129,-129,-129,-129,-129,-129,-129,-129,-129,-129,-129,-129,-129,-129,-129,-129,-129,-129,-129,-129,-129,-129,-129,-129,-31,-53,0,-129,-129,-129,-129,-500,-432,-429,-129,-129,-129,-129,-129,-129,-129,-129,-129,-129,-129,-129,-129,-129,-129,-129,-129,-129,-129,-129,-129,-129,-129,-129,-129,-129,-129,-129,-129,-129,-129,-129,-129,-129,-8,-301,-301,-301,-301,-300,-276,-141,-74,-74,-74,-75,-8,-249,-241,-236,-236,-236,-236,-236,-236,-249,-249,-249,-249,-263,-263,-263,-241,-29979,-29980,-29979,-248,-29985,-29986,-29986,-29987,-29987,-29988]} 1. d4 Nf6 2. c4 e6 3. Nc3 Bb4 4. e3 O-O 5. Bd3 c5 6. Nf3 b6 7. O-O Bb7 8. Na4 cxd4 9. exd4 Be7 10. Re1 d6 11. b4 Nbd7 12. a3 Re8 {LiveBook: 21 Partien. E43: Nimzoindisch (Rubinstein-System)} 13. Bg5 $146 ({Vorgänger:} 13. Nc3 Rc8 14. Bf4 a6 15. h3 Bf8 16. Bh2 g6 17. Bf1 Nh5 18. g4 Nhf6 19. Rc1 h6 20. Qd3 {1-0 (79) Matlakov,M (2668)-Yu,Y (2656) St Petersburg 2012}) 13... Rc8 14. Nc3 a6 {Weiß hat minimalen Vorteil.} 15. Rc1 g6 16. h3 Rc7 17. Nd2 Qa8 18. Bf1 Rcc8 19. Qc2 Bf8 20. Qd3 Bg7 21. Rcd1 h6 22. Bf4 d5 23. c5 (23. Rc1 {seems wilder.} Nh5 24. Bh2 Nhf6 25. b5 a5 26. Na4) 23... bxc5 24. bxc5 e5 25. Bxe5 Nxe5 26. Rxe5 Rxe5 27. dxe5 Nd7 28. c6 Rxc6 29. Nf3 Rc5 30. Qe3 Qe8 31. Ne2 {[%cal Bc3e2,Be2d4,Bd4e6][%mdl 32]} d4 $36 {[%mdl 2048] Schwarz hat gut koordiniertes Spiel.} 32. Nexd4 Nxe5 33. Ne6 Nxf3+ ({Viel schlechter ist} 33... Qxe6 $6 34. Qxc5 Nxf3+ 35. gxf3 $14) 34. gxf3 Re5 (34... Rc3 {is more complex.} 35. Qb6 Qxe6 36. Qxb7 Rxa3 37. Qe4 Qxe4 38. fxe4 a5) 35. Rd8 (35. Nxg7 $15 Kxg7 36. Qc3) 35... Qxd8 $1 $17 36. Nxd8 Rxe3 37. fxe3 Bxf3 38. Bxa6 {[%mdl 4096] Endspiel KLL-KLS} Bf6 $1 {[%cal Rf6d8]} 39. Bb7 Bd1 ({Jedoch nicht} 39... Bxd8 40. Bxf3 Kg7 41. Kf2 $11) 40. Nc6 Bb2 41. Nd4 Bxa3 42. Bf3 Ba4 43. Bc6 Bxc6 44. Nxc6 {KL-KS} Kg7 45. Kf2 Kf6 46. Kf3 Bc5 47. e4 Bd6 $1 48. Kg4 h5+ 49. Kf3 Bc7 50. Nb4 Ke5 51. Nc6+ Kd6 52. Nb4 Kc5 53. Na6+ Kc6 54. Nb4+ Kb5 55. Nd5 Be5 56. Ne3 Kc5 57. Nd5 Kd4 58. Ne7 {Und Sc6+ würde nun gewinnen.} Bf6 59. Nd5 Bd8 60. Nf4 Bc7 61. Nd5 Bd6 62. Nb6 Kd3 (62... g5 $17 63. Nd7 Be7) 63. Nd7 $1 $15 Kd4 (63... Bc7 $15 64. Nf6 Kd4) 64. Nb6 $1 $17 Bc5 65. Nd7 Be7 66. Kf4 $2 {[%mdl 8192]} (66. Nb8 $17 {ist eine bessere Chance.} Bf6 67. Nd7) 66... Bd8 67. Kf3 Bc7 $2 (67... g5 $1 $19 68. Nb8 Kc5 69. Na6+ Kb5) 68. Nf6 Ke5 69. Nd5 Bd6 70. Nb6 Kf6 71. Nc4 Bc7 72. Ne3 Kg5 73. Ng2 Be5 74. Ke3 Bb2 75. Ke2 Ba3 76. Kf2 Bc1 77. Kf3 Kf6 {Droht stark ...Ke5.} 78. Ne1 Ba3 79. Nd3 Bd6 80. Nb2 Kg5 81. Nc4 Bc7 82. Nd2 Bb8 83. Nc4 Kh4 84. Kg2 Bf4 (84... f6 $1 $17 {zielt auf ...Lc7 ab.} 85. Nb6 Be5) 85. Nb6 $2 {[%mdl 8192]} (85. e5 $1 $11 {und Weiss ist OK.}) 85... g5 $1 $19 86. Nd5 Be5 87. Ne7 {[%cal Re7f5]} g4 88. hxg4 Kxg4 ({Besser ist} 88... hxg4 {Weiss muss nun ...Kg5 beachten.} 89. Nc6 Bc7) 89. Nc6 {[#]} Bc7 $1 {Und weiter mit ...Kf4 wäre nett.} 90. Nb4 h4 ({Lieber} 90... Bb6 $17 {Droht ...Ld8 und aus.} 91. Nd5 Bd4) 91. Nd3 $2 (91. Nc6 $1 $11 {und Weiss muss sich keine Sorgen machen.} h3+ 92. Kh1) 91... h3+ 92. Kh1 Bg3 93. Kg1 Kf3 94. e5 Ke2 95. Nb4 {beabsichtigt Sc6.} Bxe5 96. Nc6 Bc7 97. Nd4+ Kd3 98. Nf5 Bf4 99. Kf2 $2 (99. Kh1 $19) 99... Ke4 100. Ne7 Bg5 $2 (100... Bd6 {setzt Matt} 101. Nc8 Bh2 102. Nb6 Bc7 103. Nd7 Kf4 104. Kg1 f5 105. Nf8 Kg3 106. Ne6 Bb6+ 107. Kh1 Kg4 108. Kh2 Bf2 109. Kh1 Bg3 110. Kg1 Be5 111. Kh1 Bf6 112. Kh2 Bc3 113. Kh1 Be5 114. Kg1 Bg3 115. Kh1 Be5 116. Kg1 Ba1 117. Kh1 Bb2 118. Kh2 Be5+ 119. Kg1) 101. Nc8 $2 {[#]} (101. Nc6 $19) 101... Be3+ $1 {Schwarz setzt Matt.} 102. Kg3 Bc5 103. Kxh3 f5 {Precision: Weiß = 55%, Schwarz = 65%.} 0-1

[Event "V. Korchnoy Memorial 2018"]
[Site "St. Petersburg"]
[Date "2018.08.21"]
[Round "7"]
[White "Vlasenko, Miroslav"]
[Black "Mchedlishvili, Mikheil"]
[Result "0-1"]
[WhiteElo "2410"]
[BlackElo "2608"]
[Annotator "TA"]
[PlyCount "72"]
[EventDate "2018.08.15"]
[EventType "swiss"]
[EventCountry "RUS"]
[SourceTitle "playchess.com"]
[Source "ChessBase"]
[SourceQuality "1"]

{[%evp 20,72,-6,-14,0,-7,0,-15,-14,-7,-15,-30,0,-32,-27,-28,-31,-38,-32,-41,-42,-38,-36,-36,-31,-72,-27,-25,-28,-28,-30,-56,-59,-72,0,-6,0,0,0,0,0,0,14,10,12,9,41,37,47,47,65,66,56,-524,-517]} 1. d4 {Stohl,I} d6 2. Bg5 g6 3. Nd2 Bg7 4. c3 Nf6 5. e4 O-O 6. Ngf3 c5 7. dxc5 dxc5 8. Bc4 Nc6 9. Qe2 {A48: 1 d4 Nf6 2 Nf3 g6: Torre, London and Colle Systems} Qc7 10. h3 (10. O-O h6 11. Bxf6 Bxf6 12. Qe3 Bg7 13. Qxc5 b6 14. Qe3 Bb7 15. Rfd1 e6 16. Be2 Rfd8 17. Nf1 a6 18. h4 b5 19. N1h2 Rxd1+ 20. Rxd1 {1-0 (35) Harikrishna,P (2744)-Duda,J (2717) Riadh 2017}) 10... h6 11. Be3 {LiveBook: 3 Games. The position is equal.} Nh5 12. Bd5 $146 ({Reject} 12. Bxc5 Nf4 $17) ({Predecessor:} 12. Nh2 b5 13. Bxb5 Nd4 14. cxd4 cxd4 15. O-O dxe3 16. Qxe3 {0-1 (71) Zhu,C (2490)-Kudrin,S (2565) Beijing 1998 CBM 066 [Stohl,I]}) 12... Bd7 13. Nb3 b6 14. e5 Bxe5 15. Nxe5 Qxe5 16. O-O-O Nf4 17. Qf3 $1 Nxd5 18. Rxd5 Qe6 {...Ne5 is the strong threat.} 19. Bxh6 Rfd8 20. Rhd1 f6 21. Bf4 {[#] And now Bc7 would win.} Be8 22. Qe3 Qf7 23. Rxd8 Rxd8 24. Rxd8 Nxd8 25. g4 Nc6 26. Qe4 Bd7 (26... g5 $17 27. Bg3 Kg7) 27. Nd2 $11 e5 28. Be3 f5 29. gxf5 gxf5 30. Qg2+ Kf8 {Hoping for ...f4.} 31. Bh6+ Ke8 32. b3 Kd8 33. Nc4 Kc7 34. Bg7 Qe6 {[#]} 35. Bxe5+ $1 {[%mdl 512]} Nxe5 36. Qg3 $2 {[%mdl 8192]} (36. Qh2 $1 $14 {was the only good move.}) 36... Qh6+ {Precision: White = 49%, Black = 41%.} 0-1

[Event "V. Korchnoy Memorial 2018"]
[Site "St. Petersburg"]
[Date "2018.08.22"]
[Round "8"]
[White "Ponkratov, Pavel"]
[Black "Bykov, Oleg"]
[Result "1-0"]
[WhiteElo "2605"]
[BlackElo "2383"]
[Annotator "TA"]
[PlyCount "69"]
[EventDate "2018.08.15"]
[EventType "swiss"]
[EventCountry "RUS"]
[SourceTitle "playchess.com"]
[Source "ChessBase"]
[SourceQuality "1"]

{[%evp 9,69,6,19,-19,5,-11,24,20,25,33,36,22,20,17,20,0,0,0,34,21,64,56,55,50,52,60,63,17,17,16,16,18,15,10,30,31,27,41,44,22,27,0,0,0,0,-9,0,0,60,68,44,0,0,0,8,1,10,-41,27,37,489,472]} 1. e4 e5 2. Nf3 {[%cal Bg1f3,Bf3d4,Bd4b5,Bb5c7,Bc7e6][%mdl 32]} Nf6 3. d4 Nxe4 4. dxe5 d5 5. Nbd2 Qd7 6. Nd4 $146 {C43: Petroff Defence: 3 d4} ({Predecessor:} 6. Bd3 Nc5 7. Be2 g6 8. Nb3 Ne6 9. Be3 c5 10. Ng5 b6 11. Nxe6 fxe6 12. a4 Bb7 13. O-O {0-1 (40) Vitiugov,N (2735)-Caruana,F (2784) Karlsruhe/Baden-Baden 2018}) 6... Nxd2 7. Qxd2 c5 8. Nb5 {Qxd5! is the strong threat.White has an edge.} a6 9. Qa5 $1 {[#] Hoping for Nc7+.} Nc6 10. Nc7+ Kd8 11. Ne6+ Ke8 12. Nc7+ Kd8 13. Ne6+ Ke8 14. Nxf8 Qe7 15. Bb5 $1 Bd7 16. Bxc6 Bxc6 17. O-O Kxf8 18. b3 Qxe5 19. Qxc5+ Kg8 20. Be3 h6 21. Bd4 Qg5 22. Rae1 Kh7 23. f4 Qh4 24. Qc3 Bb5 25. Rf3 {[#] And now Rh3 would win.} ({Reject} 25. Bxg7 Rhc8 $17) 25... Rhe8 26. Rg3 f6 27. a4 $132 {[%mdl 2048] White is fighting back} Bc6 28. Rf1 Re4 (28... Qh5 $11) 29. Qf3 $1 $14 Bd7 30. c3 Rae8 31. h3 Bf5 32. Kh2 R8e7 33. Qd1 (33. Bc5 $11 Rc7 34. Bg1) 33... Be6 ({Black should try} 33... Rxf4 $15 34. Bc5 Rf7) 34. Bf2 $11 g5 $2 {[%mdl 8192]} (34... Qxf4 $14 35. Bc5 Qc7 36. Bxe7 Qxe7) 35. Rd3 {Precision: White = 63%, Black = 49%.} 1-0

[Event "V. Korchnoy Memorial 2018"]
[Site "St. Petersburg"]
[Date "2018.08.22"]
[Round "8"]
[White "Chigaev, Maksim"]
[Black "Pourramezanali, Amirreza"]
[Result "1-0"]
[WhiteElo "2577"]
[BlackElo "2535"]
[Annotator "TA"]
[PlyCount "77"]
[EventDate "2018.08.15"]
[EventType "swiss"]
[EventCountry "RUS"]
[SourceTitle "playchess.com"]
[Source "ChessBase"]
[SourceQuality "1"]

{[%evp 20,77,8,0,14,-4,10,-12,59,-1,66,56,78,75,89,72,84,63,104,143,152,160,147,126,121,120,129,121,133,127,122,132,227,221,354,343,552,502,516,519,772,780,759,755,993,950,969,954,962,951,979,960,949,934,893,834,29989,29990,29990,29991]} 1. e4 e6 2. d4 d5 3. Nc3 Bb4 4. e5 c5 5. a3 Ba5 6. b4 cxd4 7. Nb5 Bc7 8. f4 Bd7 9. Nf3 Bxb5 {C18: French: 3 Nc3 Bb4: Main line: 7 h4 and 7 Qg4} 10. Bxb5+ Nc6 11. Bd3 {LiveBook: 9 Games} Nh6 $146 {The position is equal.} ({Predecessor:} 11... Nge7 12. O-O Bb6 13. Kh1 Qd7 14. Rb1 Nf5 15. a4 a6 16. a5 Ba7 17. Bxf5 exf5 {1-0 (50) Nakamura,H (2787)-Akobian,V (2647) Saint Louis 2018}) 12. O-O Bb6 13. Ng5 Qe7 (13... Nf5 $1 $11) 14. Kh1 (14. Qh5 $14) 14... O-O-O (14... Nf5 $11) 15. Qh5 $14 {[%mdl 1024] White has compensation.} Rdf8 16. Qh3 Kb8 17. Bd2 Ka8 18. Rab1 Nd8 19. a4 {[%cal Ba3a4,Ba4a5,Ba5a6][%mdl 32]} f6 20. exf6 ({Reject} 20. Nxh7 $6 Rfg8 $11) 20... Rxf6 21. a5 Bc7 22. b5 Bd6 23. a6 b6 24. Rbe1 {[%cal Bb1e1,Be1e6,Be6c6][%mdl 32] Hoping for f5.} Nhf7 {[#]} 25. Nxf7 $1 Nxf7 {[#]} (25... Qxf7 $16 {is a better defense.} 26. f5 e5) 26. f5 $1 $18 Ne5 (26... Kb8 $142) 27. Bg5 Nxd3 $2 (27... exf5 {keeps fighting.} 28. Bxf6 gxf6 29. Rxf5 (29. Bxf5 Kb8 $18) 29... Rf8) 28. Bxf6 ({Weaker is} 28. cxd3 e5 $16) 28... gxf6 29. Rxe6 ({Less strong is} 29. cxd3 e5 $16) 29... Qd7 {aiming for ...Nc5.} 30. cxd3 Be5 31. Rc6 Qg7 32. Qf3 Qd7 33. Qh5 Kb8 34. g3 Rg8 35. Rfc1 Rf8 36. Qh6 Rd8 37. Re6 Qxb5 38. Qxh7 {[%csl Ga6][%cal Rh7b7]} Qxa6 39. Rxe5 {Precision: White = 79%, Black = 21%.} 1-0

[Event "V. Korchnoy Memorial 2018"]
[Site "St. Petersburg"]
[Date "2018.08.22"]
[Round "8"]
[White "Stupak, Kirill"]
[Black "Tsydypov, Zhamsaran"]
[Result "1-0"]
[WhiteElo "2573"]
[BlackElo "2520"]
[Annotator "TA"]
[PlyCount "153"]
[EventDate "2018.08.15"]
[EventType "swiss"]
[EventCountry "RUS"]
[SourceTitle "playchess.com"]
[Source "ChessBase"]
[SourceQuality "1"]

{[%evp 23,153,1,4,4,12,16,16,10,12,17,23,23,26,0,0,-18,-18,-19,0,0,0,0,0,0,0,0,3,0,0,0,0,0,0,0,0,0,0,0,0,0,5,4,8,4,4,4,32,0,0,0,15,15,15,15,15,15,15,11,11,11,11,11,11,11,11,11,11,11,11,0,0,0,0,0,0,0,0,0,0,0,0,0,0,0,0,0,0,0,0,0,0,0,0,0,0,0,0,0,0,0,0,0,0,0,0,0,0,0,0,0,0,0,0,0,0,0,0,0,0,0,0,0,12836,12836,12837,12837,12839,12839,12840,12840,12842,12843]} 1. d4 Nf6 2. c4 e6 3. Nf3 d5 4. g3 Be7 5. Bg2 O-O 6. O-O c6 7. Qc2 b6 8. Ne5 Bb7 {E06: Closed Catalan: Early deviations} 9. Rd1 Nbd7 10. cxd5 cxd5 11. Nc6 Bxc6 12. Qxc6 Qc8 {LiveBook: 3 Games} 13. Qb5 $146 ({Predecessor:} 13. Qxc8 Rfxc8 14. Nc3 a6 15. e4 dxe4 16. Nxe4 {1-0 (55) Santos Latasa,J (2542)-Anand,V (2783) Leon 2017}) 13... Qc2 14. Nc3 a6 15. Qb3 Qxb3 16. axb3 Rfc8 17. Bf4 h6 18. h4 b5 19. Bd2 b4 20. Na2 Rc2 21. Bxb4 Bxb4 22. Nxb4 Rxb2 23. Rab1 Rxb1 24. Rxb1 a5 25. Nd3 Ne4 26. Bxe4 dxe4 27. Nc5 Nxc5 28. dxc5 $11 {[%mdl 4096] Endgame KR-KR} Rb8 29. c6 Kf8 30. Rc1 Ke7 31. Rc5 Rc8 32. Kf1 f5 33. h5 Kd6 34. Rxa5 Kxc6 35. Ra7 Rg8 36. Ke1 e3 37. fxe3 g6 38. hxg6 Rxg6 39. Kf2 Rg8 40. Ra6+ Kd5 41. Ra5+ Kd6 42. Rb5 Rg4 43. Rb6+ Kd5 44. Rb8 Ke5 45. Kf3 h5 46. Kf2 h4 47. gxh4 Rxh4 48. Ke1 Rh1+ 49. Kd2 Rb1 50. Rb4 Kd5 51. Rd4+ Kc5 52. Kc3 (52. b4+ $5 Rxb4 53. Rxb4 Kxb4 54. e4 $11) 52... Rc1+ 53. Kd2 Rb1 54. Kc2 Re1 55. Rd2 Rh1 56. Rd1 Rh3 57. Rd3 Rh2 58. Rc3+ Kd5 59. Kd2 Rh1 60. Rc1 Rh4 61. Kd3 Rh3 62. Rc4 e5 63. Kd2 f4 64. Rc3 {[#] And now e4+ would win.} f3 65. exf3 Rxf3 66. Rc4 e4 67. Rc3 Rf2+ 68. Kc1 Re2 69. b4 Ra2 70. Rc5+ Kd6 71. Rc4 Kd5 72. Rc3 (72. Rd4+ {keeps more tension.} Kc6 73. Rd2 Ra3 74. Kb2 Rxe3) 72... Ra4 $2 {[%mdl 8192] [#]} (72... Kd6 $11) 73. Rc5+ $18 {White is clearly winning.} Ke6 74. Rc4 Kf5 75. Kb2 Ra8 76. b5 {[%cal Bb4b5,Bb5b6][%mdl 32]} Re8 77. b6 {Precision: White = 73%, Black = 78%.} 1-0